| 000 | 01318nam a22002897a 4500 | ||
|---|---|---|---|
| 001 | 5332 | ||
| 003 | FISKH | ||
| 005 | 20241126153433.0 | ||
| 008 | 241126b cb ||||| |||| 00| 0 eng d | ||
| 020 | _a9780618777129 | ||
| 040 |
_aFISKH _beng _cFISKH _dFISKH |
||
| 050 | _aPZ7.W66697 | ||
| 082 | _a535 | ||
| 100 |
_aWilliams, London Mark _d(1959-) |
||
| 245 |
_aCurious george: tadpole trouble / _cAdaptation by Mark London Williams Based on the TV series teleplay written by Bruce Akiyama |
||
| 250 | _aPublished in 2007 | ||
| 260 |
_aNew York : _bHoughton Mifflin, _c2007. |
||
| 300 |
_a20 pages : _bColor illustrations ; _c21 cm |
||
| 505 | _aN | ||
| 520 | _aCurious George's friend Bill has put him in charge of several tadpoles. George sends the tadpoles for a nice swim in the lagoon, but to his dismay, the tadpoles don't return! Each time he goes back to the lake he tries to find the tadpoles, but he finds only tadpole-like creatures without tails . . . and with legs. A trip to the museum teaches George about the development of tadpoles into frogs, and he and Bill are happy to make the acquaintance of their new froggy friends!. | ||
| 521 | 8 |
_a580L
_bLexile |
|
| 521 | 8 |
_aN
_bRaz-Plus |
|
| 650 |
_2Life cycle _aSpring |
||
| 650 |
_2Frogs _aAnimals |
||
| 942 |
_2ddc _cBK _n0 |
||
| 999 |
_c5332 _d5332 |
||